000 00694nam a2200193 4500
999 _c170621
_d170621
005 20191218144659.0
010 _aENG-127194
020 _a9789385132353
_c130.00
035 _aEN-110726
037 _bDBAD/PUB
082 _a330
100 _aSahai, K.Prabhu
245 _aBuisness economics :
_b(for B.com. I semester common core syllabi for all universities in Telangana state) /
_cby K.Prabhu Sahai [and] Magdalene Daniel
260 _aHyderabad
_bVaagdevi Publishers
_c2017
270 _aH.No-2-2-1167/2H, Near Railway Bridge
_bTilak Nagar, Nallakunta, Hyderabad
_e500044
300 _a156p.
_c23cm(pbk)
700 _aDaniel, Magdalene
942 _2ddc
_cEN
_h330
_mSAH